[Event "Andranik Margaryan Mem"]
[Site "Yerevan ARM"]
[Date "2018.01.09"]
[Round "1.1"]
[White "Maghsoodloo, Parham"]
[Black "Moiseenko, Vadim"]
[Result "1-0"]
[WhiteTitle "GM"]
[BlackTitle "IM"]
[WhiteElo "2572"]
[BlackElo "2554"]
[WhiteFideId "12539929"]
[BlackFideId "4123700"]
[EventDate "2018.01.09"]

1. Nf3 Nf6 2. g3 c5 3. Bg2 Nc6 4. O-O g6 5. c3 Bg7 6. d3 O-O 7. e4 d6 8. Nfd2 e5
9. a3 b6 10. b4 a6 11. f4 Bg4 12. Qe1 exf4 13. gxf4 Re8 14. h3 Bh5 15. Qf2 Rc8
16. Bb2 b5 17. Re1 Nd7 18. Nf1 Nb6 19. Ra2 Na4 20. Ba1 a5 21. bxa5 Qxa5 22. Rc2
b4 23. cxb4 cxb4 24. Bxg7 Kxg7 25. Ng3 Qb6 26. Qxb6 Nxb6 27. Rec1 bxa3 28. Nxa3
Nd4 29. Rxc8 Nxc8 30. Nc2 Ne2+ 31. Nxe2 Bxe2 32. Nb4 Ne7 33. Kf2 Rb8 34. Rc4 Bd1
35. Rd4 Bb3 36. h4 Rb6 37. Bh3 Be6 38. Bxe6 fxe6 39. Kf3 Kf7 40. Nc2 e5 41. fxe5
dxe5 42. Rd8 Rb3 43. Ke3 Rb2 44. Ne1 Nc6 45. Rd5 Ke6 46. Nf3 h6 47. Nd2 Ke7 48.
Nc4 Rh2 49. Nxe5 Nxe5 50. Rxe5+ Kf6 51. Re8 Rh3+ 52. Kd4 Rxh4 53. Kd5 g5 54. e5+
Kf7 55. Rh8 Rh3 56. e6+ Kf6 57. Rf8+ Ke7 58. Rf7+ Ke8 59. d4 g4 60. Rh7 Kf8 61.
e7+ 1-0

[Event "Andranik Margaryan Mem"]
[Site "Yerevan ARM"]
[Date "2018.01.09"]
[Round "1.2"]
[White "Morozov, Nichita"]
[Black "Mikaelyan, Arman"]
[Result "1-0"]
[WhiteTitle "IM"]
[BlackTitle "GM"]
[WhiteElo "2449"]
[BlackElo "2495"]
[WhiteFideId "13900897"]
[BlackFideId "13304852"]
[EventDate "2018.01.09"]

1. e4 e5 2. Nf3 Nc6 3. Bb5 a6 4. Ba4 Nf6 5. O-O Be7 6. Re1 b5 7. Bb3 O-O 8. d4
Nxd4 9. Nxd4 exd4 10. e5 Ne8 11. c3 dxc3 12. Nxc3 Bb7 13. Bf4 c5 14. Qg4 c4 15.
Bc2 d5 16. exd6 Bxd6 17. Qh3 g6 18. Bh6 Ng7 19. Be4 Bxe4 20. Nxe4 Re8 21. Bg5
Be7 22. Red1 Bxg5 23. Rxd8 Bxd8 24. Qd7 Be7 25. a4 b4 26. Rc1 Ne6 27. g3 c3 28.
bxc3 a5 29. h4 h5 30. Kg2 Rab8 31. cxb4 axb4 32. a5 b3 33. Rb1 Kf8 34. a6 Rb4
35. a7 Ra8 36. Nd6 Rxa7 37. Qe8+ Kg7 38. Qxf7+ Kh6 39. Qxe6 Bxd6 40. Qe3+ 1-0

[Event "Andranik Margaryan Mem"]
[Site "Yerevan ARM"]
[Date "2018.01.09"]
[Round "1.3"]
[White "Sychev, Klementy"]
[Black "Hayrapetyan, Hovik"]
[Result "1/2-1/2"]
[WhiteTitle "IM"]
[BlackTitle "GM"]
[WhiteElo "2510"]
[BlackElo "2483"]
[WhiteFideId "4114060"]
[BlackFideId "13302639"]
[EventDate "2018.01.09"]

1. e4 c5 2. Nf3 e6 3. d4 cxd4 4. Nxd4 a6 5. Bd3 Qc7 6. O-O b6 7. Qe2 Bb7 8. Kh1
Nc6 9. Nxc6 Bxc6 10. f4 Qb7 11. c4 b5 12. Nd2 Bb4 13. b3 Bc3 14. Rb1 Ne7 15. Ba3
b4 16. Bb2 Bxb2 17. Rxb2 O-O 18. f5 f6 19. Nf3 Rfe8 20. Qd2 e5 21. Qe1 d6 22.
Rd2 Nxf5 23. exf5 e4 24. Bxe4 Rxe4 25. Qd1 Rf4 26. Rxd6 Rxf5 27. Qd3 Be4 28.
Rd8+ Rxd8 29. Qxd8+ Kf7 30. Rd1 Rxf3 31. Rd7+ Kg6 32. Qe8+ Kh6 33. gxf3 Bxf3+
34. Kg1 Qb6+ 35. Kf1 Bc6 36. Qd8 Qe3 37. Rd2 Qh3+ 38. Ke1 Qe3+ 1/2-1/2

[Event "Andranik Margaryan Mem"]
[Site "Yerevan ARM"]
[Date "2018.01.09"]
[Round "1.4"]
[White "Hakobyan, Aram"]
[Black "Jarmula, Lukasz"]
[Result "1/2-1/2"]
[WhiteTitle "IM"]
[BlackTitle "IM"]
[WhiteElo "2479"]
[BlackElo "2468"]
[WhiteFideId "13306677"]
[BlackFideId "1160664"]
[EventDate "2018.01.09"]

1. d4 d5 2. c4 e6 3. Nf3 Nf6 4. Nc3 Be7 5. Bg5 Nbd7 6. e3 h6 7. Bh4 O-O 8. Bd3
c5 9. cxd5 Nxd5 10. Bxe7 Nxe7 11. O-O b6 12. Rc1 Bb7 13. Be4 Qb8 14. Qe2 Rd8 15.
Rfd1 cxd4 16. Rxd4 Nc6 17. Bxc6 Bxc6 18. Rcd1 Qc7 19. Qd3 Kf8 20. e4 Ke8 21. Nd5
exd5 22. exd5 Bxd5 23. Rxd5 Nf6 24. Rxd8+ Rxd8 25. Qxd8+ Qxd8 26. Rxd8+ Kxd8 27.
Ne5 Ke8 28. Kf1 Nd5 29. Ke2 f6 30. Nc6 Nf4+ 31. Kf3 Nd3 32. Nxa7 Nxb2 33. Nc8
Na4 34. Nd6+ Kd7 35. Nf5 g6 36. Nxh6 Nc3 37. Ng4 Ke6 38. a3 Nb5 39. Ne3 1/2-1/2

[Event "Andranik Margaryan Mem"]
[Site "Yerevan ARM"]
[Date "2018.01.09"]
[Round "1.5"]
[White "Minasian, Artashes"]
[Black "Vetoshko, Volodymyr"]
[Result "0-1"]
[WhiteTitle "GM"]
[BlackTitle "GM"]
[WhiteElo "2484"]
[BlackElo "2534"]
[WhiteFideId "13300040"]
[BlackFideId "14122480"]
[EventDate "2018.01.09"]

1. g3 d5 2. Bg2 e5 3. d3 Nc6 4. a3 a5 5. Nf3 Nf6 6. O-O Be7 7. Nc3 d4 8. Nb5 O-O
9. c3 dxc3 10. bxc3 h6 11. e4 Be6 12. Qe2 a4 13. Bb2 Nd7 14. h3 Na5 15. c4 c6
16. Nc3 Nb3 17. Rab1 Qc7 18. Nd5 cxd5 19. cxd5 Bc5 20. dxe6 fxe6 21. Nd2 Nxd2
22. Qxd2 Qd6 23. d4 exd4 24. f4 e5 25. Rf3 b5 26. Bc1 Rab8 27. f5 b4 28. axb4
Bxb4 29. Qa2+ Kh8 30. Kh2 Nc5 31. Rf1 Qa6 32. g4 Nxe4 33. Bxe4 Qxf1 34. Bxh6 Qa6
35. Bg5 d3 36. Qf2 Qc4 37. Bg2 d2 38. f6 e4 39. Rf1 Kg8 40. Qf4 Qd5 41. Bxe4
d1=Q 42. f7+ Kh8 0-1

[Event "Andranik Margaryan Mem"]
[Site "Yerevan ARM"]
[Date "2018.01.10"]
[Round "2.1"]
[White "Moiseenko, Vadim"]
[Black "Vetoshko, Volodymyr"]
[Result "1-0"]
[WhiteTitle "IM"]
[BlackTitle "GM"]
[WhiteElo "2554"]
[BlackElo "2534"]
[WhiteFideId "4123700"]
[BlackFideId "14122480"]
[EventDate "2018.01.09"]

1. e4 c5 2. Nf3 Nc6 3. Bb5 g6 4. Bxc6 bxc6 5. d3 Bg7 6. O-O e5 7. b3 d6 8. Nbd2
Ne7 9. Bb2 O-O 10. Re1 h6 11. c3 g5 12. Nc4 f5 13. Nfd2 Ng6 14. b4 d5 15. Na5
fxe4 16. dxe4 cxb4 17. Nxc6 Qb6 18. exd5 Qxf2+ 19. Kh1 Nf4 20. Rg1 e4 21. Rb1
Nd3 22. Ne7+ Kh7 23. Nxe4 Qe3 24. Nxg5+ Kh8 25. Ng6+ Kg8 26. Ne7+ Qxe7 27. Qxd3
Bf5 28. d6 Qxg5 29. Qd5+ Kh7 30. Bc1 Qg6 31. Rxb4 Rad8 32. Bf4 Rfe8 33. Qd2 Rd7
34. Bg3 Rc8 35. c4 Be6 36. Rc1 Qf5 37. Rb5 Rc5 38. Rxc5 Qxc5 39. Qe2 Bf5 40. Qh5
Bd4 41. Bf4 Bg7 42. Rd1 Kg8 43. h3 Qxc4 44. Qxf5 Rf7 45. Qd3 Qxd3 46. Rxd3 Rxf4
47. d7 Rf1+ 48. Kh2 Be5+ 49. g3 Bc7 50. d8=Q+ Bxd8 51. Rxd8+ Kg7 52. Rd7+ Kg6
53. Kg2 Rc1 54. Rxa7 Rc2+ 55. Kf3 Rc3+ 56. Kf4 Rc4+ 57. Ke5 Rc3 58. Ra4 h5 59.
Kf4 h4 60. Ra6+ Kf7 61. gxh4 Rxh3 62. Kg4 Rh1 63. h5 Kg7 64. a4 Rf1 65. a5 Rf2
66. Rc6 Ra2 67. a6 Ra5 68. h6+ Kh7 69. Rf6 Ra4+ 70. Kf5 1-0

[Event "Andranik Margaryan Mem"]
[Site "Yerevan ARM"]
[Date "2018.01.10"]
[Round "2.2"]
[White "Jarmula, Lukasz"]
[Black "Minasian, Artashes"]
[Result "1-0"]
[WhiteTitle "IM"]
[BlackTitle "GM"]
[WhiteElo "2468"]
[BlackElo "2484"]
[WhiteFideId "1160664"]
[BlackFideId "13300040"]
[EventDate "2018.01.09"]

1. e4 c6 2. d4 d5 3. e5 Bf5 4. Nf3 e6 5. Be2 Nd7 6. O-O Ne7 7. Nbd2 Ng6 8. Nb3
f6 9. Ne1 Ne7 10. Bh5+ Bg6 11. Nd3 fxe5 12. dxe5 Bxh5 13. Qxh5+ g6 14. Qh3 Nf5
15. g4 Qh4 16. Qg2 Ng7 17. Be3 h5 18. f3 Qe7 19. Rac1 Nb6 20. Na5 O-O-O 21. Qe2
d4 22. Bf2 hxg4 23. fxg4 Ne8 24. Nb3 Bh6 25. Rce1 Be3 26. Bxe3 dxe3 27. Qxe3 Nc7
28. Nbc5 Ncd5 29. Qg3 Kb8 30. Rf6 Nc7 31. Ref1 Rh7 32. Rxg6 Rdh8 33. Rgf6 Nbd5
34. g5 b6 35. g6 Rh3 36. Rf8+ Ne8 37. Rxh8 Rxg3+ 38. hxg3 Nc7 39. Rf7 Qg5 40. g7
Qxg3+ 41. Kf1 1-0

[Event "Andranik Margaryan Mem"]
[Site "Yerevan ARM"]
[Date "2018.01.10"]
[Round "2.3"]
[White "Hayrapetyan, Hovik"]
[Black "Hakobyan, Aram"]
[Result "0-1"]
[WhiteTitle "GM"]
[BlackTitle "IM"]
[WhiteElo "2483"]
[BlackElo "2479"]
[WhiteFideId "13302639"]
[BlackFideId "13306677"]
[EventDate "2018.01.09"]

1. Nf3 c5 2. c4 g6 3. g3 Bg7 4. Bg2 Nc6 5. O-O d6 6. Nc3 Nf6 7. d3 O-O 8. a3 a6
9. Rb1 Rb8 10. b4 cxb4 11. axb4 b5 12. cxb5 axb5 13. e4 Bg4 14. h3 Bxf3 15. Qxf3
Nd7 16. Bd2 Nde5 17. Qe3 Nd4 18. Rfc1 Nec6 19. Kh2 e6 20. Ne2 Qd7 21. Nxd4 Bxd4
22. Qe2 Rfc8 23. Rc2 Rc7 24. Rbc1 Rbc8 25. f4 Ne7 26. Rxc7 Rxc7 27. Rxc7 Qxc7
28. Qd1 Qa7 29. Qc1 Qa2 30. Bc3 Nc6 31. Be1 Qa1 32. Qxa1 Bxa1 33. Bf1 Bd4 34. g4
Kf8 35. Kg3 Ke7 36. h4 Kd7 37. f5 Bb2 38. fxg6 fxg6 39. Bd2 e5 40. h5 Ba3 41. d4
Nxd4 42. Bc3 Kc6 43. Bxd4 exd4 44. hxg6 hxg6 45. Kh4 Bxb4 46. Kg5 Bd2+ 47. Kxg6
Bf4 48. Kf5 Be5 49. g5 b4 50. Kg4 Kc5 51. Kf3 b3 52. Ba6 Kb4 53. Ke2 Ka3 54. Kd1
b2 0-1

[Event "Andranik Margaryan Mem"]
[Site "Yerevan ARM"]
[Date "2018.01.10"]
[Round "2.4"]
[White "Maghsoodloo, Parham"]
[Black "Morozov, Nichita"]
[Result "1-0"]
[WhiteTitle "GM"]
[BlackTitle "IM"]
[WhiteElo "2572"]
[BlackElo "2449"]
[WhiteFideId "12539929"]
[BlackFideId "13900897"]
[EventDate "2018.01.09"]

1. c4 Nf6 2. Nc3 e6 3. e4 d5 4. e5 d4 5. exf6 dxc3 6. bxc3 Qxf6 7. Nf3 b6 8. d4
Bb7 9. Bd3 Bxf3 10. gxf3 Bd6 11. Qe2 Nd7 12. h4 h6 13. Qe4 Ke7 14. h5 Rac8 15.
Be3 c5 16. Rc1 Rhe8 17. a4 Kd8 18. f4 Rc7 19. Ke2 Ke7 20. Rh3 Rec8 21. Rg3 Kd8
22. Rd1 Nb8 23. a5 Nc6 24. axb6 axb6 25. Rb1 Rb8 26. Rgg1 Ke8 27. Rb5 Na7 28.
Rb2 Nc8 29. Rgb1 Bf8 30. Qe5 Rbb7 31. f5 Ra7 32. fxe6 Qxe6 33. Bf5 Qxe5 34. dxe5
Ra3 35. Kd3 Ne7 36. Bg4 f5 37. exf6 gxf6 38. Rxb6 f5 39. Bf3 Rd7+ 40. Kc2 Bg7
41. R1b3 Ra2+ 42. Rb2 Ra3 43. R6b3 Ra4 44. Rb8+ Kf7 45. R2b7 Rxb7 46. Rxb7 1-0

[Event "Andranik Margaryan Mem"]
[Site "Yerevan ARM"]
[Date "2018.01.10"]
[Round "2.5"]
[White "Mikaelyan, Arman"]
[Black "Sychev, Klementy"]
[Result "0-1"]
[WhiteTitle "GM"]
[BlackTitle "IM"]
[WhiteElo "2495"]
[BlackElo "2510"]
[WhiteFideId "13304852"]
[BlackFideId "4114060"]
[EventDate "2018.01.09"]

1. d4 Nf6 2. c4 g6 3. Nc3 d5 4. Bf4 Bg7 5. e3 O-O 6. Nf3 c5 7. dxc5 Ne4 8. Rc1
Nd7 9. cxd5 Qa5 10. Be2 Nxc3 11. bxc3 Bxc3+ 12. Kf1 Nxc5 13. h4 Bd7 14. Kg1 Ba4
15. Qf1 Rfc8 16. h5 Bg7 17. hxg6 hxg6 18. Ng5 Bd7 19. g4 Na4 20. Rxc8+ Rxc8 21.
Bf3 Rc2 22. Bg3 Nc3 23. Qd3 Qxa2 24. Ne4 Bb5 25. Nxc3 Qa1+ 26. Qd1 Rc1 27. Kg2
Rxd1 28. Nxd1 a5 29. e4 a4 30. Ne3 Qb2 31. d6 exd6 32. Bxd6 Bd4 33. Nd1 Qb3 34.
e5 Bc6 35. Bxc6 bxc6 36. f4 a3 0-1

[Event "Andranik Margaryan Mem"]
[Site "Yerevan ARM"]
[Date "2018.01.11"]
[Round "3.1"]
[White "Morozov, Nichita"]
[Black "Moiseenko, Vadim"]
[Result "1/2-1/2"]
[WhiteTitle "IM"]
[BlackTitle "IM"]
[WhiteElo "2449"]
[BlackElo "2554"]
[WhiteFideId "13900897"]
[BlackFideId "4123700"]
[EventDate "2018.01.09"]

1. d4 d5 2. c4 e6 3. Nf3 a6 4. cxd5 exd5 5. Nc3 c6 6. Qb3 Nf6 7. Bg5 Be7 8. e3
Nbd7 9. Bd3 h6 10. Bh4 c5 11. Bxf6 Nxf6 12. dxc5 Bxc5 13. O-O O-O 14. Rac1 Qd6
15. Rfd1 Be6 16. Be2 Rfd8 17. Nd4 Rd7 18. Bf3 Ba7 19. Rd3 Rad8 20. Rcd1 Qe5 21.
Qa4 Rc8 22. Qc2 Ne4 23. Nxe6 fxe6 24. Bxe4 Qxe4 25. Qb3 Qf5 26. R3d2 Rf7 27. Qc2
Qe5 28. Qd3 Rcf8 29. Re2 h5 30. Rf1 h4 31. Kh1 Rf5 32. f4 Qf6 33. Ref2 g6 34.
Rf3 Bb8 35. Ne2 Rh5 36. Nd4 Ba7 37. g4 hxg3 38. Rxg3 Kh7 39. Rfg1 Bxd4 40. Rxg6
Qf5 41. Qxf5 Rfxf5 42. exd4 Rxh2+ 43. Kxh2 Rh5+ 44. Kg3 Kxg6 45. Rc1 Kf5 46. Re1
Kf6 47. Re5 Rh1 48. f5 exf5 49. Rxd5 Kg5 50. Rd7 Rd1 51. Rg7+ Kf6 52. Rxb7 Rxd4
53. Rb6+ Kg5 54. Rxa6 Rd3+ 55. Kf2 Rd2+ 56. Kf3 Rxb2 57. Ra8 Rc2 58. Rg8+ Kf6
59. Rf8+ Ke6 60. Re8+ Kf7 61. Ra8 Ke6 1/2-1/2

[Event "Andranik Margaryan Mem"]
[Site "Yerevan ARM"]
[Date "2018.01.11"]
[Round "3.2"]
[White "Sychev, Klementy"]
[Black "Maghsoodloo, Parham"]
[Result "1/2-1/2"]
[WhiteTitle "IM"]
[BlackTitle "GM"]
[WhiteElo "2510"]
[BlackElo "2572"]
[WhiteFideId "4114060"]
[BlackFideId "12539929"]
[EventDate "2018.01.09"]

1. e4 c5 2. Nf3 Nc6 3. d4 cxd4 4. Nxd4 Nf6 5. Nc3 d6 6. Bg5 e6 7. Qd2 a6 8.
O-O-O Bd7 9. f4 b5 10. Bxf6 gxf6 11. Kb1 Qb6 12. Nxc6 Bxc6 13. f5 b4 14. Ne2 e5
15. Ng3 h5 16. h4 Qc5 17. Bd3 Bh6 18. Qe2 Ke7 19. Nxh5 Qe3 20. Qf1 Bxe4 21. g4
Bxh1 22. Qxh1 Rad8 23. Qd5 Qc5 24. Nxf6 Kxf6 25. g5+ Ke7 26. f6+ Ke8 27. Qb7 Rd7
28. Qa8+ Rd8 29. Qxa6 Rb8 30. Qa4+ Kd8 31. Qb3 Qc7 32. Bc4 Rb7 33. gxh6 Rxh6 34.
Qe3 Rxh4 35. Bd5 Rh2 36. Bb3 Kc8 37. Qg1 Rh8 38. Bd5 Ra7 39. Qg4+ Kd8 40. Qxb4
Rh6 41. Rg1 Rh8 42. a3 Qc5 43. Qb8+ Kd7 44. Qxh8 Qxg1+ 45. Ka2 Qc5 46. Qh3+ Kc7
47. Bxf7 d5 48. Be8 Kd8 49. f7 Qc4+ 50. Kb1 Qf4 51. Qb3 Ke7 52. Qxd5 Rc7 53. Bb5
e4 54. b3 e3 55. Bd3 Kf8 56. Bg6 Rxf7 57. Qd8+ Kg7 58. Bxf7 Kxf7 1/2-1/2

[Event "Andranik Margaryan Mem"]
[Site "Yerevan ARM"]
[Date "2018.01.11"]
[Round "3.3"]
[White "Hakobyan, Aram"]
[Black "Mikaelyan, Arman"]
[Result "1/2-1/2"]
[WhiteTitle "IM"]
[BlackTitle "GM"]
[WhiteElo "2479"]
[BlackElo "2495"]
[WhiteFideId "13306677"]
[BlackFideId "13304852"]
[EventDate "2018.01.09"]

1. e4 e5 2. Nf3 Nc6 3. Bc4 Bc5 4. c3 Nf6 5. d3 O-O 6. O-O d5 7. exd5 Nxd5 8.
Nbd2 Nb6 9. Bb5 Bd6 10. Re1 Bg4 11. Ne4 a6 12. Bxc6 bxc6 13. h3 Bxf3 14. Qxf3 f5
15. Nxd6 Qxd6 16. Be3 Rae8 17. Bxb6 cxb6 18. Re3 Re6 19. Rae1 b5 20. R3e2 c5 21.
Re3 g6 22. h4 Rd8 23. Qe2 Rde8 24. h5 Qd5 25. hxg6 hxg6 26. a3 Kg7 27. Rh3 Rh8
28. Re3 Qd8 29. Rxe5 Qh4 30. f3 Qh1+ 31. Kf2 Qh4+ 32. Kg1 Qh2+ 33. Kf2 Qh4+ 1/2-1/2

[Event "Andranik Margaryan Mem"]
[Site "Yerevan ARM"]
[Date "2018.01.11"]
[Round "3.4"]
[White "Minasian, Artashes"]
[Black "Hayrapetyan, Hovik"]
[Result "1-0"]
[WhiteTitle "GM"]
[BlackTitle "GM"]
[WhiteElo "2484"]
[BlackElo "2483"]
[WhiteFideId "13300040"]
[BlackFideId "13302639"]
[EventDate "2018.01.09"]

1. c4 c5 2. g3 g6 3. Bg2 Bg7 4. Nc3 Nc6 5. d3 d6 6. a3 Nf6 7. Rb1 a5 8. Bg5 h6
9. Bxf6 Bxf6 10. e3 Bg7 11. Nge2 O-O 12. O-O Bd7 13. b3 Rb8 14. Nb5 Bf5 15. Nf4
Qd7 16. Qe2 g5 17. Nd5 e6 18. Ndc3 Rbd8 19. Rbd1 e5 20. Ne4 Qe7 21. g4 Be6 22.
Ng3 Qd7 23. h3 d5 24. cxd5 Bxd5 25. Bxd5 Qxd5 26. Qc2 Ne7 27. Qc4 Qc6 28. Nc3
Rd7 29. Nce4 Rc8 30. Rc1 Rdc7 31. a4 b6 32. Rfd1 Rd8 33. Kf1 Rcd7 34. Ke2 Qg6
35. Rd2 Nd5 36. Nf5 Bf8 37. Rg1 Nb4 38. Rgd1 h5 39. f3 h4 40. Qb5 Nd5 41. Qc4
Be7 42. Qxd5 1-0

[Event "Andranik Margaryan Mem"]
[Site "Yerevan ARM"]
[Date "2018.01.11"]
[Round "3.5"]
[White "Vetoshko, Volodymyr"]
[Black "Jarmula, Lukasz"]
[Result "1/2-1/2"]
[WhiteTitle "GM"]
[BlackTitle "IM"]
[WhiteElo "2534"]
[BlackElo "2468"]
[WhiteFideId "14122480"]
[BlackFideId "1160664"]
[EventDate "2018.01.09"]

1. e4 c5 2. Nf3 d6 3. d4 cxd4 4. Nxd4 Nf6 5. Nc3 a6 6. h3 Nc6 7. Be3 Nxd4 8.
Qxd4 e5 9. Qd3 Be6 10. Rd1 Qa5 11. a3 Rd8 12. Qd2 d5 13. Nxd5 Qxd2+ 14. Rxd2
Nxd5 15. exd5 Rxd5 16. Rxd5 Bxd5 17. f3 Be7 18. Bd3 O-O 19. Ke2 f5 20. c4 Be6
21. Rc1 Rc8 22. c5 Kf7 23. b4 1/2-1/2

[Event "Andranik Margaryan Mem"]
[Site "Yerevan ARM"]
[Date "2018.01.12"]
[Round "4.1"]
[White "Moiseenko, Vadim"]
[Black "Jarmula, Lukasz"]
[Result "0-1"]
[WhiteTitle "IM"]
[BlackTitle "IM"]
[WhiteElo "2554"]
[BlackElo "2468"]
[WhiteFideId "4123700"]
[BlackFideId "1160664"]
[EventDate "2018.01.09"]

1. Nf3 d5 2. e3 Nf6 3. c4 e6 4. b3 c5 5. Bb2 Nc6 6. cxd5 exd5 7. Bb5 Bd6 8. Nc3
O-O 9. d4 Bg4 10. dxc5 Bxc5 11. O-O a6 12. Bxc6 bxc6 13. Rc1 Bd6 14. Na4 Rc8 15.
Nc5 Bxc5 16. Rxc5 Ne4 17. Rc2 c5 18. Qd3 Bf5 19. Qe2 Ng5 20. Rd2 Bg4 21. Rfd1 d4
22. exd4 Re8 23. Qd3 Bxf3 24. gxf3 Nh3+ 25. Kh1 Qd5 26. Qc3 cxd4 27. Rxd4 Nxf2+
28. Kg2 Qg5+ 0-1

[Event "Andranik Margaryan Mem"]
[Site "Yerevan ARM"]
[Date "2018.01.12"]
[Round "4.2"]
[White "Hayrapetyan, Hovik"]
[Black "Vetoshko, Volodymyr"]
[Result "1-0"]
[WhiteTitle "GM"]
[BlackTitle "GM"]
[WhiteElo "2483"]
[BlackElo "2534"]
[WhiteFideId "13302639"]
[BlackFideId "14122480"]
[EventDate "2018.01.09"]

1. d4 Nf6 2. c4 e6 3. Nf3 b6 4. Nc3 Bb4 5. Qc2 Bb7 6. a3 Bxc3+ 7. Qxc3 d6 8. g3
Nbd7 9. Bg2 O-O 10. O-O a5 11. b3 Qe7 12. Bb2 c5 13. Rfd1 Rfc8 14. Rac1 Be4 15.
Qe3 Rab8 16. g4 cxd4 17. Rxd4 Bxf3 18. exf3 b5 19. cxb5 Rxc1+ 20. Bxc1 Rxb5 21.
Bf1 Nd5 22. Qe2 Rc5 23. Bb2 Qd8 24. b4 axb4 25. axb4 Rc8 26. f4 N7b6 27. Bg2 Qc7
28. f5 Qc2 29. Rd2 Qb1+ 30. Rd1 Nf4 31. Qd2 Nc4 32. Qxd6 Nxd6 33. Rxb1 Nxg2 34.
Kxg2 exf5 35. gxf5 f6 36. Bc1 Nxf5 37. b5 Rb8 38. b6 Rb7 39. Bf4 Ne7 40. Be3 Nd5
41. Bc5 Kf7 42. Ra1 Nf4+ 43. Kf3 Ne6 44. Be3 Nd8 45. Ke4 Ke6 46. Kd3 Kd5 47.
Ra5+ Kc6 48. Rc5+ Kd6 49. Kc4 Ne6 50. Rc8 f5 51. Kb5 f4 52. Bd2 Kd7 53. Rc4 Rb8
54. Bxf4 Rc8 55. b7 Rxc4 56. Kxc4 1-0

[Event "Andranik Margaryan Mem"]
[Site "Yerevan ARM"]
[Date "2018.01.12"]
[Round "4.3"]
[White "Mikaelyan, Arman"]
[Black "Minasian, Artashes"]
[Result "1-0"]
[WhiteTitle "GM"]
[BlackTitle "GM"]
[WhiteElo "2495"]
[BlackElo "2484"]
[WhiteFideId "13304852"]
[BlackFideId "13300040"]
[EventDate "2018.01.09"]

1. e4 c6 2. d4 d5 3. exd5 cxd5 4. c4 Nf6 5. Nc3 g6 6. cxd5 Bg7 7. Qb3 O-O 8.
Nge2 Na6 9. g3 Qb6 10. Bg2 Rd8 11. O-O Qxb3 12. axb3 Nc7 13. Ra5 b6 14. Bf4 bxa5
15. Bxc7 Rd7 16. d6 exd6 17. Bxa8 Rxc7 18. Ra1 Bb7 19. Bxb7 Rxb7 20. Rxa5 Nd7
21. Kg2 Kf8 22. Rb5 Rc7 23. Kf3 Nb6 24. Ke4 Bf6 25. Nf4 Re7+ 26. Kd3 Re1 27. Ra5
Nc8 28. Ra6 Ke8 29. Nb5 Kd7 30. Nd5 Bg7 31. Ne3 Rb1 32. Nc4 d5 33. Nd2 Rh1 34.
h4 Rh2 35. Ke2 Rh1 36. Nf1 Rg1 37. Ra1 h5 38. Ra6 Bh8 39. b4 Bg7 40. b3 Bh8 41.
Nxa7 Bxd4 42. Nxc8 Kxc8 43. Rd6 Rg2 44. Ne3 Bxe3 45. Kxe3 Rg1 46. Rxd5 Rb1 47.
Rd3 Rb2 48. f3 Rc2 49. Kf4 Rc6 1-0

[Event "Andranik Margaryan Mem"]
[Site "Yerevan ARM"]
[Date "2018.01.12"]
[Round "4.4"]
[White "Maghsoodloo, Parham"]
[Black "Hakobyan, Aram"]
[Result "1/2-1/2"]
[WhiteTitle "GM"]
[BlackTitle "IM"]
[WhiteElo "2572"]
[BlackElo "2479"]
[WhiteFideId "12539929"]
[BlackFideId "13306677"]
[EventDate "2018.01.09"]

1. c4 e6 2. Nf3 Nf6 3. e3 d5 4. b3 c5 5. cxd5 exd5 6. Bb5+ Nc6 7. O-O Bd6 8. d4
cxd4 9. Qxd4 O-O 10. Bxc6 bxc6 11. Bb2 c5 12. Qd3 Bb7 13. Nc3 Rc8 14. Rfd1 Qe7
15. Qf5 Qe6 16. Qxe6 fxe6 17. Rac1 Nd7 18. Ba3 Bc6 19. Ne1 Be7 20. Rc2 Kf7 21.
f3 a5 22. Rb1 Rb8 23. Ne2 a4 24. Kf2 axb3 25. axb3 Rb6 26. Rbc1 Rxb3 27. Bxc5
Bxc5 28. Rxc5 Nxc5 29. Rxc5 Bd7 30. Rc2 e5 31. Nc1 Rb5 32. Ncd3 Ke6 33. Ra2 Rc8
34. f4 exf4 35. Nxf4+ Kd6 36. Nf3 Rcb8 37. Kg3 Rb3 38. Rd2 1/2-1/2

[Event "Andranik Margaryan Mem"]
[Site "Yerevan ARM"]
[Date "2018.01.12"]
[Round "4.5"]
[White "Morozov, Nichita"]
[Black "Sychev, Klementy"]
[Result "0-1"]
[WhiteTitle "IM"]
[BlackTitle "IM"]
[WhiteElo "2449"]
[BlackElo "2510"]
[WhiteFideId "13900897"]
[BlackFideId "4114060"]
[EventDate "2018.01.09"]

1. d4 Nf6 2. Nf3 g6 3. g3 Bg7 4. Bg2 d5 5. O-O O-O 6. c4 Nc6 7. cxd5 Nxd5 8. e4
Nb6 9. d5 Na5 10. Qe2 c6 11. dxc6 Nxc6 12. Rd1 Qc7 13. Bf4 e5 14. Be3 Bg4 15.
Nc3 Nd4 16. Bxd4 exd4 17. Nb5 Qc4 18. Bf1 Rad8 19. Kg2 Qxe2 20. Bxe2 Na4 21.
Nbxd4 Nxb2 22. Rd2 Na4 23. Re1 Nc3 24. Bc4 b5 25. Bb3 a5 26. a3 a4 27. Bc2 Bxd4
28. Nxd4 Ne2 29. f3 Nxd4 30. fxg4 Nf3 0-1

[Event "Andranik Margaryan Mem"]
[Site "Yerevan ARM"]
[Date "2018.01.13"]
[Round "5.1"]
[White "Sychev, Klementy"]
[Black "Moiseenko, Vadim"]
[Result "1-0"]
[WhiteTitle "IM"]
[BlackTitle "IM"]
[WhiteElo "2510"]
[BlackElo "2554"]
[WhiteFideId "4114060"]
[BlackFideId "4123700"]
[EventDate "2018.01.09"]

1. e4 e5 2. Nf3 Nc6 3. Bb5 a6 4. Ba4 d6 5. O-O g5 6. Bxc6+ bxc6 7. d4 g4 8. Ne1
exd4 9. Qxd4 Qf6 10. Qa4 Ne7 11. Qa5 Ra7 12. Nd3 Bg7 13. Nc3 c5 14. e5 Qf5 15.
Nb5 Nc6 16. Nxc7+ Kf8 17. Qb6 Qd7 18. exd6 c4 19. Nb4 Qxd6 20. Ncd5 Rd7 21. Be3
Kg8 22. Qxc6 1-0

[Event "Andranik Margaryan Mem"]
[Site "Yerevan ARM"]
[Date "2018.01.13"]
[Round "5.2"]
[White "Hakobyan, Aram"]
[Black "Morozov, Nichita"]
[Result "1-0"]
[WhiteTitle "IM"]
[BlackTitle "IM"]
[WhiteElo "2479"]
[BlackElo "2449"]
[WhiteFideId "13306677"]
[BlackFideId "13900897"]
[EventDate "2018.01.09"]

1. c4 Nf6 2. Nc3 e6 3. Nf3 Bb4 4. g4 h6 5. Rg1 Nc6 6. h4 h5 7. gxh5 Nxh5 8. Qb3
Bc5 9. e3 e5 10. Be2 a6 11. Nxe5 Nxe5 12. d4 Qxh4 13. dxc5 Qh2 14. Rf1 d6 15.
Nd5 Rb8 16. Nxc7+ Kf8 17. Bd2 Bh3 18. O-O-O Bxf1 19. Bxf1 dxc5 20. Nxa6 Re8 21.
Nc7 Nd3+ 22. Qxd3 Qxc7 23. Bc3 Rh6 24. Bg2 b6 25. Qf5 Nf6 26. Bf3 Rd8 27. Bd5 b5
28. Rg1 Qb6 29. e4 b4 30. Be5 Re8 31. Qf4 Re7 32. Rg5 Rd7 33. Qg3 Qa6 34. Bxf6
gxf6 35. Rg8+ Ke7 36. Qb8 Rh1+ 37. Kd2 1-0